[Event "Europa ch 2014"]
[Site "Yerevan ARM"]
[Date "2014.03.08"]
[Round "6.45"]
[White "Alekseenko, Kirill"]
[Black "Sutovsky, Emil"]
[Result "1/2-1/2"]
[WhiteElo "2461"]
[BlackElo "2652"]
[PlyCount "101"]
[EventDate "2014.03.03"]
[EventType "swiss"]
[EventRounds "11"]
[EventCountry "ARM"]
[Source "lmi"]
[SourceDate "2014.03.02"]

1. e4 e5 2. Nf3 Nc6 3. Nc3 Nf6 4. d4 exd4 5. Nxd4 Bb4 6. Nxc6 bxc6 7. Bd3 d5 8.
exd5 O-O 9. O-O cxd5 10. h3 c6 11. Qf3 Bd6 12. Bf4 Rb8 13. b3 Rb4 14. Ne2 Bxf4
15. Nxf4 Qc7 16. Nh5 Nxh5 17. Qxh5 g6 18. Qg5 Qd8 19. Qe3 Re8 20. Qc5 Qb6 21.
Qd6 Re6 22. Qg3 Qb8 23. Qg5 Qd6 24. c4 Re5 25. Qg3 Qe7 26. Rfc1 d4 27. Kf1 Bf5
28. Re1 Bxd3+ 29. Qxd3 Rxe1+ 30. Rxe1 Qd6 31. Qg3 Qxg3 32. fxg3 Rb6 33. c5 Rb8
34. Rd1 Rb4 35. Ke2 a5 36. Rc1 Kg7 37. Kd3 Kf6 38. Rf1+ Ke6 39. Rf4 Kd5 40.
Rxf7 a4 41. Kc2 Rb5 42. Rd7+ Kxc5 43. Rxh7 Ra5 44. Rg7 axb3+ 45. axb3 Ra2+ 46.
Kd3 Rb2 47. Rb7 Kd5 48. Rd7+ Ke5 49. Re7+ Kd6 50. Re2 Rxb3+ 51. Kxd4 1/2-1/2

[Event "Europa ch 2014"]
[Site "Yerevan ARM"]
[Date "2014.03.08"]
[Round "6.46"]
[White "Chibukhchian, Artur"]
[Black "Hammer, Jon Ludvig"]
[Result "0-1"]
[WhiteElo "2446"]
[BlackElo "2647"]
[PlyCount "80"]
[EventDate "2014.03.03"]
[EventType "swiss"]
[EventRounds "11"]
[EventCountry "ARM"]
[Source "lmi"]
[SourceDate "2014.03.02"]

1. d4 Nf6 2. Nf3 g6 3. c4 Bg7 4. Nc3 d5 5. Bg5 Ne4 6. cxd5 Nxg5 7. Nxg5 e6 8.
Nf3 exd5 9. e3 O-O 10. b4 Be6 11. Bd3 Nd7 12. Rc1 c6 13. O-O a6 14. a4 a5 15.
Qb3 axb4 16. Qxb4 Ra7 17. Rb1 Re8 18. Rfc1 Bf8 19. Qb2 Bd6 20. Nd2 Nf6 21. g3
Bc7 22. Nb3 Bc8 23. Nc5 h5 24. Bf1 h4 25. Bg2 Ng4 26. Ne2 Qf6 27. Nf4 g5 28.
Nxd5 cxd5 29. Bxd5 hxg3 30. fxg3 Re7 31. e4 Qg6 32. e5 Bf5 33. Ra1 Nxe5 34.
dxe5 Bxe5 35. Qb5 Bd4+ 36. Kh1 b6 37. g4 Bxg4 38. Nb3 Bxa1 39. Rxa1 Be2 40. Qb4
Qf5 0-1

[Event "Europa ch 2014"]
[Site "Yerevan ARM"]
[Date "2014.03.08"]
[Round "6.47"]
[White "Oleksienko, Mikhailo"]
[Black "Babujian, Levon"]
[Result "0-1"]
[WhiteElo "2640"]
[BlackElo "2491"]
[PlyCount "92"]
[EventDate "2014.03.03"]
[EventType "swiss"]
[EventRounds "11"]
[EventCountry "ARM"]
[Source "lmi"]
[SourceDate "2014.03.02"]

1. e4 e5 2. Nf3 Nc6 3. Bb5 Nf6 4. d3 Bc5 5. c3 O-O 6. O-O Re8 7. Nbd2 a6 8. Ba4
b5 9. Bb3 d6 10. Re1 Be6 11. Bc2 h6 12. Nf1 d5 13. exd5 Qxd5 14. Ng3 Rad8 15.
Qe2 Qd7 16. h3 Qc8 17. Be3 Bf8 18. Bd2 Qb7 19. b4 Nd5 20. Nxe5 Nxe5 21. Qxe5
Bxh3 22. Qxe8 Rxe8 23. Rxe8 Ne3 24. Ne4 Nxc2 25. Rc1 Qc6 26. Rd8 f5 27. gxh3
fxe4 28. Rxc2 Qf6 29. Rd4 Qg6+ 30. Kh1 Qh5 31. Rc1 Qxh3+ 32. Kg1 Bd6 33. Rxd6
cxd6 34. dxe4 Qg4+ 35. Kh2 Qh4+ 36. Kg1 Qxe4 37. Be3 Qg4+ 38. Kh2 Qe2 39. a3
Qb2 40. c4 bxc4 41. Rxc4 Qxa3 42. Rc6 Qxb4 43. Rxa6 d5 44. Ra2 Qh4+ 45. Kg1
Qg4+ 46. Kh2 d4 0-1

[Event "Europa ch 2014"]
[Site "Yerevan ARM"]
[Date "2014.03.08"]
[Round "6.48"]
[White "Postny, Evgeny"]
[Black "Rozum, Ivan"]
[Result "1/2-1/2"]
[WhiteElo "2635"]
[BlackElo "2505"]
[PlyCount "101"]
[EventDate "2014.03.03"]
[EventType "swiss"]
[EventRounds "11"]
[EventCountry "ARM"]
[Source "lmi"]
[SourceDate "2014.03.02"]

1. d4 Nf6 2. c4 e6 3. Nf3 Bb4+ 4. Bd2 Qe7 5. Nc3 O-O 6. Qc2 d6 7. a3 Bxc3 8.
Bxc3 Nbd7 9. e3 b6 10. Be2 Bb7 11. O-O Ne4 12. Be1 f5 13. Rd1 c5 14. Kh1 Rf6
15. d5 exd5 16. cxd5 Rh6 17. Ng1 Rf8 18. Nh3 Kh8 19. Qb3 Ne5 20. f3 c4 21. Qc2
Nc5 22. Nf4 b5 23. Qc3 g5 24. Ne6 Nxe6 25. dxe6 Rxe6 26. Qd4 Kg8 27. Bc3 f4 28.
e4 a6 29. a4 Rh6 30. axb5 axb5 31. Ra1 Qf7 32. h3 Bc8 33. Rf2 Qh5 34. Bf1 g4
35. fxg4 Bxg4 36. Ra8 f3 37. Qd5+ Qf7 38. Rxf8+ Kxf8 39. Bd2 fxg2+ 40. Bxg2
Qxf2 41. Bxh6+ Ke8 42. Qxb5+ Kf7 43. Qb7+ Bd7 44. Qd5+ Be6 45. Qxd6 Qe1+ 46.
Kh2 Ng4+ 47. hxg4 Qh4+ 48. Bh3 Qxh6 49. Qc7+ Kg6 50. Qd6 Kf7 51. Qc7+ 1/2-1/2

[Event "Europa ch 2014"]
[Site "Yerevan ARM"]
[Date "2014.03.08"]
[Round "6.49"]
[White "Perunovic, Milos"]
[Black "Givon, Asaf"]
[Result "1-0"]
[WhiteElo "2617"]
[BlackElo "2449"]
[PlyCount "73"]
[EventDate "2014.03.03"]
[EventType "swiss"]
[EventRounds "11"]
[EventCountry "ARM"]
[Source "lmi"]
[SourceDate "2014.03.02"]

1. e4 e5 2. Nf3 Nc6 3. Bb5 a6 4. Ba4 Nf6 5. O-O Be7 6. Re1 b5 7. Bb3 d6 8. c3
O-O 9. d4 Bg4 10. d5 Na5 11. Bc2 c6 12. h3 Bc8 13. dxc6 Qc7 14. Nbd2 Qxc6 15.
Nf1 Nc4 16. a4 Be6 17. Ng5 Bd7 18. b3 Na5 19. Bd2 Rfe8 20. Ne3 h6 21. Nf3 Nxe4
22. Nd5 f5 23. Nxe7+ Rxe7 24. c4 Nxd2 25. Qxd2 b4 26. Qxb4 Qc7 27. Qd2 Nb7 28.
a5 Be6 29. Rad1 Rd8 30. Nh4 Rf7 31. g4 fxg4 32. Qd3 Rf6 33. Qh7+ Kf8 34. hxg4
Bxg4 35. Ng6+ Kf7 36. Rxd6 Re8 37. Nxe5+ 1-0

[Event "Europa ch 2014"]
[Site "Yerevan ARM"]
[Date "2014.03.08"]
[Round "6.50"]
[White "Hovhannisyan, Robert"]
[Black "Minasian, Artashes"]
[Result "1-0"]
[WhiteElo "2611"]
[BlackElo "2482"]
[PlyCount "55"]
[EventDate "2014.03.03"]
[EventType "swiss"]
[EventRounds "11"]
[EventCountry "ARM"]
[Source "lmi"]
[SourceDate "2014.03.02"]

1. e4 Nc6 2. d4 d5 3. exd5 Qxd5 4. Nf3 Bg4 5. Be2 O-O-O 6. c4 Qh5 7. O-O Nf6 8.
Qa4 e6 9. Bf4 Nxd4 10. Nxd4 Rxd4 11. Bxg4 Qxg4 12. Bg3 a6 13. Na3 Bxa3 14. Qxa3
Rxc4 15. b3 Rc6 16. Rac1 Rxc1 17. Rxc1 Kb8 18. h3 Qe4 19. Rxc7 Ka8 20. Rxf7 Rc8
21. Rc7 Re8 22. Qc1 Nd5 23. Rc8+ Rxc8 24. Qxc8+ Ka7 25. Qc5+ b6 26. Qc8 a5 27.
Bb8+ Ka8 28. Bd6+ 1-0

[Event "Europa ch 2014"]
[Site "Yerevan ARM"]
[Date "2014.03.08"]
[Round "6.51"]
[White "Charochkina, Daria"]
[Black "Grigoryan, Avetik"]
[Result "0-1"]
[WhiteElo "2374"]
[BlackElo "2583"]
[PlyCount "130"]
[EventDate "2014.03.03"]
[EventType "swiss"]
[EventRounds "11"]
[EventCountry "ARM"]
[Source "lmi"]
[SourceDate "2014.03.02"]

1. d4 e6 2. c4 b6 3. e4 Bb7 4. Bd3 Nc6 5. Ne2 Nb4 6. O-O Ne7 7. Nbc3 Nxd3 8.
Qxd3 d6 9. d5 g6 10. dxe6 fxe6 11. Nf4 Qd7 12. Qh3 Bc8 13. e5 Bg7 14. exd6 cxd6
15. Re1 e5 16. Qf3 Bb7 17. Nfd5 Nf5 18. Be3 O-O 19. Qd1 Rf7 20. Ne4 h6 21. Qg4
Bxd5 22. cxd5 Kh7 23. a4 Qb7 24. Qd1 Rd8 25. Qb3 Nd4 26. Bxd4 exd4 27. Rac1 Rf5
28. Rc6 Qf7 29. Nxd6 Qxd5 30. Qxd5 Rxd5 31. Ne4 d3 32. Nd2 Rc5 33. Rxc5 bxc5
34. b3 Bc3 35. Rd1 Bxd2 36. Rxd2 Rb8 37. Rxd3 c4 38. Rd7+ Kg8 39. Kf1 cxb3 40.
Rd1 Kf7 41. Rb1 Ke6 42. Ke2 a5 43. Kd3 Rb4 44. Kc3 Rg4 45. Rg1 Rb4 46. Rb1 Rxa4
47. Re1+ Kf5 48. Kxb3 Rg4 49. g3 Re4 50. Rd1 a4+ 51. Ka3 Re2 52. Rf1 Kg4 53.
Kxa4 g5 54. Kb3 Kf3 55. Rc1 Rxf2 56. Rc3+ Kg4 57. Rc4+ Kh3 58. g4 Kxh2 59. Kc3
Kg3 60. Kd3 Rf4 61. Rc6 Kxg4 62. Rxh6 Kg3 63. Ke2 g4 64. Rg6 Rf7 65. Ke1 Kh3
0-1

[Event "Europa ch 2014"]
[Site "Yerevan ARM"]
[Date "2014.03.08"]
[Round "6.53"]
[White "Jianu, Vlad-Cristian"]
[Black "Petrosyan, Manuel"]
[Result "1/2-1/2"]
[WhiteElo "2574"]
[BlackElo "2336"]
[PlyCount "160"]
[EventDate "2014.03.03"]
[EventType "swiss"]
[EventRounds "11"]
[EventCountry "ARM"]
[Source "lmi"]
[SourceDate "2014.03.02"]

1. Nf3 Nf6 2. c4 e6 3. g3 d5 4. b3 Be7 5. Bg2 O-O 6. O-O b6 7. Bb2 Bb7 8. e3 c5
9. Nc3 Nc6 10. cxd5 exd5 11. d4 Rc8 12. Rc1 Re8 13. Re1 Bf8 14. a3 Ba8 15. Ne2
Ne4 16. Nf4 Na5 17. Bh3 Rc7 18. Ne5 c4 19. b4 Nb3 20. Rc2 c3 21. Bxc3 Nxc3 22.
Qd3 Nxd4 23. exd4 Ne4 24. Rec1 Bd6 25. Qa6 Rxc2 26. Rxc2 Qe7 27. Rc8 Nf6 28.
Bg2 g6 29. h4 Kg7 30. Rxe8 Nxe8 31. h5 Nf6 32. hxg6 hxg6 33. Qc8 Bb7 34. Qc3
Ne4 35. Bxe4 dxe4 36. b5 Kg8 37. a4 Qg5 38. Ng2 Bxe5 39. dxe5 e3 40. Nxe3 Qh5
41. Kf1 Qh1+ 42. Ke2 Bf3+ 43. Kd3 Qb1+ 44. Qc2 Qb4 45. Qc8+ Kg7 46. Qc3 Qxa4
47. e6+ Kh7 48. exf7 Be4+ 49. Kd2 Qa2+ 50. Ke1 Qxf7 51. Ng4 Bf5 52. Nf6+ Kh6
53. Qd4 Qb3 54. Nd5 Qb1+ 55. Kd2 Qc2+ 56. Ke3 Qc5 57. Qxc5 bxc5 58. Kf4 Bd3 59.
Nc3 Kh5 60. f3 Bf1 61. Ke3 Bc4 62. Ke4 Bf1 63. Kf4 Bd3 64. Ke3 Bf1 65. Ne2 g5
66. Kf2 Bh3 67. g4+ Bxg4 68. fxg4+ Kxg4 69. Ke3 Kf5 70. Kd3 Ke5 71. Kc4 Kd6 72.
Ng3 g4 73. Ne4+ Ke5 74. Nxc5 g3 75. Nd3+ Ke4 76. Ne1 Ke3 77. Ng2+ Kf3 78. Nh4+
Kg4 79. Ng2 Kf3 80. Nh4+ Kg4 1/2-1/2

[Event "Europa ch 2014"]
[Site "Yerevan ARM"]
[Date "2014.03.08"]
[Round "6.54"]
[White "Grigoryan, Karen H"]
[Black "Kreisl, Robert"]
[Result "1-0"]
[WhiteElo "2572"]
[BlackElo "2437"]
[PlyCount "71"]
[EventDate "2014.03.03"]
[EventType "swiss"]
[EventRounds "11"]
[EventCountry "ARM"]
[Source "lmi"]
[SourceDate "2014.03.02"]

1. Nf3 Nf6 2. g3 g6 3. c4 c5 4. Nc3 Nc6 5. d4 cxd4 6. Nxd4 Bg7 7. Bg2 O-O 8.
O-O Qa5 9. Nb3 Qh5 10. c5 d6 11. cxd6 Rd8 12. e4 Rxd6 13. Qxh5 Nxh5 14. Be3 e5
15. Nd5 Be6 16. Nc7 Rc8 17. Nb5 Rdd8 18. Nxa7 Nxa7 19. Bxa7 Rc2 20. Rab1 Ra8
21. Be3 Rxa2 22. Nc5 Bc8 23. Rfd1 Bf6 24. Nd3 Ra8 25. Nb4 Rc4 26. Nd5 Rc6 27.
b4 Kg7 28. Nb6 Ra2 29. b5 Rcc2 30. Nxc8 Rxc8 31. Bh3 Rc3 32. Rd7 Rxe3 33. fxe3
Bg5 34. Be6 Bxe3+ 35. Kh1 Rf2 36. Rxb7 1-0

[Event "Europa ch 2014"]
[Site "Yerevan ARM"]
[Date "2014.03.08"]
[Round "6.55"]
[White "Minasian, Ara"]
[Black "Parligras, Mircea-Emilian"]
[Result "0-1"]
[WhiteElo "2432"]
[BlackElo "2572"]
[PlyCount "94"]
[EventDate "2014.03.03"]
[EventType "swiss"]
[EventRounds "11"]
[EventCountry "ARM"]
[Source "lmi"]
[SourceDate "2014.03.02"]

1. c4 e6 2. Nf3 d5 3. e3 Nf6 4. b3 c5 5. Bb2 Nc6 6. cxd5 exd5 7. Be2 Bd6 8. O-O
O-O 9. d4 cxd4 10. Nxd4 Re8 11. Nd2 a6 12. Rc1 Nxd4 13. Bxd4 Bf5 14. Bb2 Qe7
15. Nf3 Be4 16. Nd2 Bg6 17. Nf3 Rad8 18. Qd4 Ba3 19. Rfd1 Rc8 20. Qd2 Bb4 21.
Qd4 Bc2 22. Rf1 Qd6 23. Bd1 Bc5 24. Qd2 Be4 25. Nd4 h5 26. f3 Bg6 27. Bc2 Qe7
28. Bxg6 fxg6 29. Nc2 Kh7 30. Rfe1 Ba7 31. Bd4 Bb8 32. Na1 Qd6 33. f4 Ne4 34.
Qb2 Qd7 35. Rxc8 Rxc8 36. Be5 Bxe5 37. Qxe5 Rc3 38. h3 Qc6 39. Kh2 a5 40. Qd4
b5 41. Rd1 h4 42. Qe5 Ng3 43. Qe7 Nf5 44. Qd8 Rc1 45. Rxd5 Qxd5 46. Qxd5 Ng3
47. Qg8+ Kxg8 0-1

[Event "Europa ch 2014"]
[Site "Yerevan ARM"]
[Date "2014.03.08"]
[Round "6.56"]
[White "Korobov, Anton"]
[Black "Gevorgyan, David"]
[Result "1/2-1/2"]
[WhiteElo "2719"]
[BlackElo "2388"]
[PlyCount "81"]
[EventDate "2014.03.03"]
[EventType "swiss"]
[EventRounds "11"]
[EventCountry "ARM"]
[Source "lmi"]
[SourceDate "2014.03.02"]

1. d4 d5 2. c4 e6 3. Nc3 Nf6 4. cxd5 exd5 5. Bg5 c6 6. e3 Bf5 7. Qf3 Bg6 8.
Bxf6 Qxf6 9. Qxf6 gxf6 10. h4 Nd7 11. h5 Bf5 12. Nf3 Nb6 13. Nh4 Be6 14. Bd3
Nc8 15. f3 Bh6 16. Kf2 Nd6 17. g4 O-O 18. Ne2 Rfe8 19. Rag1 Kh8 20. f4 Rg8 21.
Ng6+ hxg6 22. hxg6 Kg7 23. g5 fxg6 24. Rxh6 Bf5 25. Bxf5 Nxf5 26. gxf6+ Kxf6
27. Rh3 Rh8 28. Rgh1 Kg7 29. Kf3 Rxh3+ 30. Rxh3 Re8 31. Kf2 Rh8 32. Rxh8 Kxh8
33. Nc1 Kg7 34. Nd3 Kf6 35. Nc5 Nd6 36. Ke2 Kf5 37. Kd3 g5 38. fxg5 Kxg5 39. a4
Kf6 40. a5 a6 41. b3 1/2-1/2

[Event "Europa ch 2014"]
[Site "Yerevan ARM"]
[Date "2014.03.08"]
[Round "6.57"]
[White "Khismatullin, Denis"]
[Black "Simonian, Tigran"]
[Result "1-0"]
[WhiteElo "2714"]
[BlackElo "2425"]
[PlyCount "85"]
[EventDate "2014.03.03"]
[EventType "swiss"]
[EventRounds "11"]
[EventCountry "ARM"]
[Source "lmi"]
[SourceDate "2014.03.02"]

1. c4 c6 2. Nf3 Nf6 3. Nc3 d5 4. e3 e6 5. d4 Nbd7 6. Qc2 b6 7. Bd3 Bb7 8. O-O
Be7 9. b3 O-O 10. Bb2 h6 11. Rfd1 Qc7 12. Rac1 Rac8 13. Qe2 dxc4 14. Bxc4 Qb8
15. e4 b5 16. Bd3 b4 17. Na4 c5 18. e5 Nd5 19. Qe4 N5f6 20. exf6 Bxe4 21. fxe7
Rfe8 22. Bxe4 Nf6 23. Nxc5 Rxe7 24. Bd3 Nd5 25. g3 Qd6 26. Ne5 Rec7 27. h4 Kf8
28. Bf1 Kg8 29. Bg2 Rd8 30. Bf3 Qb6 31. Kg2 Qa5 32. Rd2 Qb6 33. Rdc2 Qb5 34.
Be2 Qe8 35. Rc4 a5 36. Ne4 Rb7 37. Nc6 Ra8 38. Nd6 Qd7 39. Nxb7 Qxb7 40. Bf3
Qd7 41. Ne5 Qd8 42. Rc5 f6 43. Nc6 1-0

[Event "Europa ch 2014"]
[Site "Yerevan ARM"]
[Date "2014.03.08"]
[Round "6.58"]
[White "Beliavsky, Alexander G"]
[Black "Petrosian, Davit G"]
[Result "1/2-1/2"]
[WhiteElo "2643"]
[BlackElo "2431"]
[PlyCount "71"]
[EventDate "2014.03.03"]
[EventType "swiss"]
[EventRounds "11"]
[EventCountry "ARM"]
[Source "lmi"]
[SourceDate "2014.03.02"]

1. d4 Nf6 2. c4 g6 3. Nc3 Bg7 4. e4 d6 5. Nf3 O-O 6. Be2 c5 7. O-O Re8 8. Be3
Ng4 9. Bg5 h6 10. Bh4 cxd4 11. Nxd4 Bxd4 12. Qxd4 e5 13. Bxd8 exd4 14. Nd5 Rxd8
15. Nc7 Na6 16. Nxa8 d3 17. Bxd3 Be6 18. Be2 Rxa8 19. Rfd1 Nf6 20. Rxd6 Nxe4
21. Rd4 Nec5 22. Rad1 Nb4 23. Rd8+ Rxd8 24. Rxd8+ Kg7 25. a3 Nc6 26. Ra8 a5 27.
Bf3 a4 28. Bxc6 bxc6 29. Ra5 Nd3 30. Rxa4 Nxb2 31. Ra6 c5 32. Rc6 Na4 33. Ra6
Nb2 34. Rc6 Na4 35. Ra6 Nb2 36. Rc6 1/2-1/2

[Event "Europa ch 2014"]
[Site "Yerevan ARM"]
[Date "2014.03.08"]
[Round "6.59"]
[White "Grishchenko, Sergey1"]
[Black "Petrosian, Tigran L"]
[Result "0-1"]
[WhiteElo "2431"]
[BlackElo "2639"]
[PlyCount "92"]
[EventDate "2014.03.03"]
[EventType "swiss"]
[EventRounds "11"]
[EventCountry "ARM"]
[Source "lmi"]
[SourceDate "2014.03.02"]

1. d4 d5 2. c4 c6 3. Nc3 Nf6 4. cxd5 cxd5 5. Bf4 Nc6 6. e3 Bf5 7. Qb3 Na5 8.
Qa4+ Bd7 9. Bb5 e6 10. Bxd7+ Nxd7 11. e4 Nc6 12. exd5 Nb6 13. Qb3 exd5 14. Nge2
Be7 15. O-O O-O 16. Na4 Nxa4 17. Qxa4 Qb6 18. Be3 Qxb2 19. Nf4 Qb4 20. Qxb4
Nxb4 21. Rab1 b6 22. Bd2 Nc6 23. Nxd5 Rfd8 24. Nxe7+ Nxe7 25. Be3 Rac8 26. Rfc1
Rxc1+ 27. Rxc1 Rc8 28. Rxc8+ Nxc8 29. Kf1 f6 30. Ke2 Kf7 31. Kd3 Ke6 32. Bf4
Kd5 33. Bb8 a6 34. a3 b5 35. f3 Nb6 36. Ba7 Nd7 37. a4 bxa4 38. Kc3 Kc6 39. d5+
Kd6 40. Kb4 Nc5 41. Bb6 Nd3+ 42. Kxa4 Ne1 43. Ka5 Nxg2 44. Kxa6 Nh4 45. f4 Kxd5
46. Bc7 Nf3 0-1

[Event "Europa ch 2014"]
[Site "Yerevan ARM"]
[Date "2014.03.08"]
[Round "6.61"]
[White "Schachinger, Mario"]
[Black "Pantsulaia, Levan"]
[Result "1/2-1/2"]
[WhiteElo "2398"]
[BlackElo "2606"]
[PlyCount "72"]
[EventDate "2014.03.03"]
[EventType "swiss"]
[EventRounds "11"]
[EventCountry "ARM"]
[Source "lmi"]
[SourceDate "2014.03.02"]

1. d4 Nf6 2. c4 c5 3. d5 e6 4. Nc3 exd5 5. cxd5 d6 6. Nf3 g6 7. Bf4 Bg7 8. Qa4+
Bd7 9. Qb3 Qc7 10. e4 O-O 11. Nd2 Nh5 12. Be3 f5 13. exf5 Bxf5 14. Be2 Nf6 15.
O-O a6 16. h3 b5 17. g4 Bc8 18. a4 b4 19. Nce4 Nxe4 20. Nxe4 Kh8 21. Rac1 Re8
22. Ng5 Qe7 23. Bc4 Nd7 24. Rce1 Ne5 25. Bc1 Qf8 26. f4 Nxc4 27. Qxc4 Bd4+ 28.
Kg2 a5 29. Ne6 Ba6 30. Qxa6 Rxe6 31. Qc6 Ree8 32. Re6 Rac8 33. Qd7 Rcd8 34. Qc6
Rc8 35. Qd7 Rcd8 36. Qc6 Rc8 1/2-1/2

[Event "Europa ch 2014"]
[Site "Yerevan ARM"]
[Date "2014.03.08"]
[Round "6.62"]
[White "Roiz, Michael"]
[Black "Kanter, Eduard"]
[Result "1/2-1/2"]
[WhiteElo "2591"]
[BlackElo "2410"]
[PlyCount "80"]
[EventDate "2014.03.03"]
[EventType "swiss"]
[EventRounds "11"]
[EventCountry "ARM"]
[Source "lmi"]
[SourceDate "2014.03.02"]

1. d4 Nf6 2. c4 e6 3. Nc3 Bb4 4. Qc2 O-O 5. Nf3 b6 6. e4 d5 7. e5 Ne4 8. Bd3
Bb7 9. O-O Bxc3 10. bxc3 c5 11. cxd5 exd5 12. Nd2 f5 13. exf6 Nxf6 14. Nf3 Ba6
15. dxc5 Bxd3 16. Qxd3 bxc5 17. Re1 Re8 18. Bf4 Nbd7 19. h3 Qb6 20. Ne5 Nxe5
21. Bxe5 Rad8 22. Rab1 Qc6 23. f3 Re6 24. Bg3 Rxe1+ 25. Rxe1 Re8 26. Rd1 Qa4
27. Rd2 a6 28. Bf2 Qc6 29. Qf5 Qc8 30. Qb1 Qc7 31. Qd3 Qc6 32. Bh4 Re5 33. Rb2
Re8 34. Qf5 d4 35. cxd4 cxd4 36. Rc2 Qb5 37. Rc5 Qb4 38. Bf2 Rd8 39. Qc2 d3 40.
Qd2 Qb7 1/2-1/2

[Event "Europa ch 2014"]
[Site "Yerevan ARM"]
[Date "2014.03.08"]
[Round "6.63"]
[White "Svetushkin, Dmitry"]
[Black "Lugovskoy, Maxim"]
[Result "1-0"]
[WhiteElo "2582"]
[BlackElo "2397"]
[PlyCount "159"]
[EventDate "2014.03.03"]
[EventType "swiss"]
[EventRounds "11"]
[EventCountry "ARM"]
[Source "lmi"]
[SourceDate "2014.03.02"]

1. e4 e6 2. d4 d5 3. Nc3 Bb4 4. e5 c5 5. Bd2 Ne7 6. a3 Ba5 7. dxc5 O-O 8. Bd3
Nd7 9. Qh5 f5 10. b4 Bc7 11. f4 b6 12. Nf3 Nb8 13. Be3 bxc5 14. Bxc5 Bb6 15.
Na4 Bd7 16. Nxb6 axb6 17. Bd6 h6 18. O-O Nbc6 19. c4 Rf7 20. c5 bxc5 21. Bxc5
Nc8 22. Kh1 N6e7 23. Nd4 Nc6 24. g4 Nxd4 25. Bxd4 Ne7 26. Rg1 Be8 27. g5 Rf8
28. Qd1 h5 29. a4 Ng6 30. Rf1 Rf7 31. b5 Rc7 32. Bb6 d4 33. Qf3 Rb8 34. Bxc7
Qxc7 35. Rfc1 Qa5 36. Qf2 Bd7 37. Kg1 Rd8 38. Rc4 Bc8 39. Rc6 Bb7 40. Bc4 Bxc6
41. Bxe6+ Kh8 42. bxc6 Qc3 43. Rf1 d3 44. Qb6 Rf8 45. c7 Ne7 46. Qd6 d2 47. Kf2
Qc2 48. Ke3 Qc1 49. Ke2 Ng6 50. Rxc1 dxc1=Q 51. Qxf8+ Nxf8 52. c8=Q Qb2+ 53.
Kd3 Qa3+ 54. Kd4 Qxa4+ 55. Bc4 Qa7+ 56. Kd5 Qa5+ 57. Kc6 Qa4+ 58. Kb7 Qb4+ 59.
Ka8 Qa5+ 60. Kb7 Qb4+ 61. Ka7 Qe7+ 62. Ka8 Qa3+ 63. Ba6 Qe7 64. Kb8 g6 65. Bb5
Qb4 66. Qc4 Qe7 67. Qc8 Qb4 68. Qc6 Qxf4 69. Qc5 Kg7 70. Qe7+ Kg8 71. Bc6 Qd4
72. Qd6 Qb6+ 73. Kc8 Qa6+ 74. Bb7 Qc4+ 75. Kd8 Ne6+ 76. Ke7 Nf8 77. e6 Kh7 78.
Kf6 Qc3+ 79. Qe5 Qb4 80. Qc7+ 1-0

[Event "Europa ch 2014"]
[Site "Yerevan ARM"]
[Date "2014.03.08"]
[Round "6.64"]
[White "Bagaturov, Giorgi"]
[Black "Golod, Vitali"]
[Result "1/2-1/2"]
[WhiteElo "2408"]
[BlackElo "2573"]
[PlyCount "40"]
[EventDate "2014.03.03"]
[EventType "swiss"]
[EventRounds "11"]
[EventCountry "ARM"]
[Source "lmi"]
[SourceDate "2014.03.02"]

1. d4 Nf6 2. Nf3 e6 3. c4 b6 4. g3 Bb4+ 5. Nbd2 Bb7 6. Bg2 O-O 7. O-O c5 8. Nb3
cxd4 9. Nbxd4 Nc6 10. Bf4 Nxd4 11. Nxd4 Qc8 12. Qb3 Bxg2 13. Kxg2 Qb7+ 14. Qf3
Qxf3+ 15. Nxf3 Rac8 16. Rac1 Nh5 17. Be3 Nf6 18. Bf4 Nh5 19. Be3 Nf6 20. Bf4
Nh5 1/2-1/2

[Event "Europa ch 2014"]
[Site "Yerevan ARM"]
[Date "2014.03.08"]
[Round "6.65"]
[White "Kuljasevic, Davorin"]
[Black "Arabidze, Meri"]
[Result "1/2-1/2"]
[WhiteElo "2567"]
[BlackElo "2388"]
[PlyCount "53"]
[EventDate "2014.03.03"]
[EventType "swiss"]
[EventRounds "11"]
[EventCountry "ARM"]
[Source "lmi"]
[SourceDate "2014.03.02"]

1. d4 f5 2. g3 Nf6 3. Bg2 e6 4. Nf3 d5 5. c4 c6 6. O-O Bd6 7. b3 Qe7 8. Ne5 O-O
9. Nd2 b6 10. Ndf3 Bb7 11. Bg5 Nbd7 12. Rc1 Rac8 13. Nxd7 Qxd7 14. Ne5 Qe8 15.
Nd3 Ne4 16. Bf4 Bxf4 17. Nxf4 e5 18. dxe5 Qxe5 19. Qc2 d4 20. Nd3 Qe7 21. c5
Ba6 22. Rfe1 Qf7 23. Nb4 Bb7 24. Nd3 Ba6 25. Nb4 Bb7 26. Nd3 Ba6 27. Nb4
1/2-1/2

[Event "Europa ch 2014"]
[Site "Yerevan ARM"]
[Date "2014.03.08"]
[Round "6.66"]
[White "Sanal, Vahap"]
[Black "Savchenko, Boris"]
[Result "0-1"]
[WhiteElo "2390"]
[BlackElo "2560"]
[PlyCount "66"]
[EventDate "2014.03.03"]
[EventType "swiss"]
[EventRounds "11"]
[EventCountry "ARM"]
[Source "lmi"]
[SourceDate "2014.03.02"]

1. c4 e5 2. Nc3 Nf6 3. Nf3 Nc6 4. g3 d5 5. cxd5 Nxd5 6. Bg2 Nb6 7. O-O Be7 8.
d3 O-O 9. Be3 f5 10. a3 Re8 11. h4 h6 12. Rc1 Bd6 13. Nb5 Bf8 14. Bc5 Bxc5 15.
Rxc5 a6 16. Nc3 Nd7 17. Rc4 Nb6 18. Rc5 Nd7 19. Rc4 Nf6 20. Nd2 Nd4 21. e3 Nb5
22. Rc5 Nd7 23. Rc4 Nd6 24. Ra4 Nc5 25. Ra5 Nxd3 26. e4 c5 27. Ra4 b5 28. exf5
Bxf5 29. Bxa8 Qxa8 30. Nxb5 Nxb5 31. Qf3 Nd4 32. Qxa8 Rxa8 33. Rc4 Bh3 0-1

[Event "Europa ch 2014"]
[Site "Yerevan ARM"]
[Date "2014.03.08"]
[Round "6.67"]
[White "Kalashian, David"]
[Black "Halkias, Stelios"]
[Result "1-0"]
[WhiteElo "2380"]
[BlackElo "2551"]
[PlyCount "99"]
[EventDate "2014.03.03"]
[EventType "swiss"]
[EventRounds "11"]
[EventCountry "ARM"]
[Source "lmi"]
[SourceDate "2014.03.02"]

1. d4 Nf6 2. c4 e6 3. Nf3 d5 4. Nc3 Bb4 5. e3 O-O 6. Bd3 c5 7. O-O dxc4 8. Bxc4
Nbd7 9. Qe2 a6 10. a4 b6 11. d5 exd5 12. Nxd5 Bb7 13. Rd1 Nxd5 14. Bxd5 Bxd5
15. Rxd5 Qc7 16. e4 Nf6 17. Rg5 Qc6 18. e5 Rfe8 19. Be3 Nd5 20. Rg3 h6 21. Rc1
Nxe3 22. Qxe3 Rad8 23. h3 b5 24. Qf4 Qe6 25. axb5 axb5 26. Ra1 Ra8 27. Rxa8
Rxa8 28. Nh4 c4 29. Nf5 g6 30. Nxh6+ Kg7 31. Nf5+ Kg8 32. Nd4 Qe7 33. Nc6 Qc5
34. e6 Rf8 35. exf7+ Rxf7 36. Rxg6+ Rg7 37. Qf6 Rxg6 38. Qxg6+ Kf8 39. Qf6+ Kg8
40. Qe6+ Kg7 41. Ne5 Qe7 42. Qg6+ Kf8 43. Qf5+ Kg7 44. f4 Qe8 45. Qg5+ Kh7 46.
Ng4 Be7 47. Qh6+ Kg8 48. Qe6+ Kf8 49. Qe5 Qf7 50. f5 1-0

[Event "Europa ch 2014"]
[Site "Yerevan ARM"]
[Date "2014.03.08"]
[Round "6.68"]
[White "Aleksandrov, Aleksej"]
[Black "Qashashvili, Alexandre"]
[Result "0-1"]
[WhiteElo "2544"]
[BlackElo "2378"]
[PlyCount "68"]
[EventDate "2014.03.03"]
[EventType "swiss"]
[EventRounds "11"]
[EventCountry "ARM"]
[Source "lmi"]
[SourceDate "2014.03.02"]

1. d4 Nf6 2. c4 e6 3. Nc3 Bb4 4. e3 O-O 5. Nge2 d5 6. a3 Bd6 7. cxd5 exd5 8. g3
Re8 9. Bg2 c6 10. O-O Nbd7 11. b4 a5 12. b5 Nb6 13. Qc2 Bd7 14. a4 Rc8 15. bxc6
Rxc6 16. Qb3 Rc4 17. Bd2 Bc6 18. Nc1 Bb4 19. Nd3 Bxc3 20. Bxc3 Nxa4 21. Be1 Nd7
22. Nf4 Nf6 23. Nd3 Nd7 24. Bd2 b5 25. Nb2 Nf6 26. Rfd1 h5 27. h4 Ng4 28. Nxa4
Qf6 29. Be1 bxa4 30. Qb6 Rc2 31. Rac1 Rxf2 32. Qxc6 Rxg2+ 33. Kxg2 Nxe3+ 34.
Kh2 Ng4+ 0-1